Vogel's Textbook of practical Organic Chemistry. (Record no. 3875)
[ view plain ]
| 000 -LEADER | |
|---|---|
| fixed length control field | 00836pam a2200277 a 4500 |
| 001 - CONTROL NUMBER | |
| control field | 3384576 |
| 003 - CONTROL NUMBER IDENTIFIER | |
| control field | OSt |
| 005 - DATE AND TIME OF LATEST TRANSACTION | |
| control field | 20170324151822.0 |
| 008 - FIXED-LENGTH DATA ELEMENTS--GENERAL INFORMATION | |
| fixed length control field | 881216s1989 enka bf 001 0 eng |
| 010 ## - LIBRARY OF CONGRESS CONTROL NUMBER | |
| LC control number | 88036786 |
| 020 ## - INTERNATIONAL STANDARD BOOK NUMBER | |
| International Standard Book Number | 0470214147 (U.S.) |
| 040 ## - CATALOGING SOURCE | |
| Original cataloging agency | DLC |
| Transcribing agency | DLC |
| Modifying agency | DLC |
| 050 00 - LIBRARY OF CONGRESS CALL NUMBER | |
| Classification number | QD261 |
| Item number | .V63 1989 |
| 082 00 - DEWEY DECIMAL CLASSIFICATION NUMBER | |
| Classification number | 547 |
| Edition number | 19 |
| Item number | VOG 1989 |
| 100 ## - MAIN ENTRY--PERSONAL NAME | |
| Personal name | Furniss, Brian S. [et... al] |
| 9 (RLIN) | 11955 |
| 245 10 - TITLE STATEMENT | |
| Title | Vogel's Textbook of practical Organic Chemistry. |
| 250 ## - EDITION STATEMENT | |
| Edition statement | 5th ed. |
| 260 ## - PUBLICATION, DISTRIBUTION, ETC. (IMPRINT) | |
| Place of publication, distribution, etc. | London; |
| Name of publisher, distributor, etc. | Wiley, |
| Date of publication, distribution, etc. | 1989. |
| 300 ## - PHYSICAL DESCRIPTION | |
| Extent | xxviii, 1514 p. : |
| Other physical details | ill. ; |
| Dimensions | 24 cm. |
| 504 ## - BIBLIOGRAPHY, ETC. NOTE | |
| Bibliography, etc | Includes bibliographies and index. |
| 650 #0 - SUBJECT ADDED ENTRY--TOPICAL TERM | |
| Topical term or geographic name as entry element | Chemistry Organic |
| 9 (RLIN) | 8503 |
| 650 #0 - SUBJECT ADDED ENTRY--TOPICAL TERM | |
| Topical term or geographic name as entry element | Chemistry, Analytic |
| 9 (RLIN) | 8282 |
| 740 0# - ADDED ENTRY--UNCONTROLLED RELATED/ANALYTICAL TITLE | |
| Uncontrolled related/analytical title | Textbook of practical organic chemistry. |
| 906 ## - LOCAL DATA ELEMENT F, LDF (RLIN) | |
| a | 7 |
| b | cbc |
| c | orignew |
| d | 1 |
| e | ocip |
| f | 19 |
| g | y-gencatlg |
| 942 ## - ADDED ENTRY ELEMENTS (KOHA) | |
| Source of classification or shelving scheme | Dewey Decimal Classification |
| Koha item type | Short Loan |
| Withdrawn status | Lost status | Source of classification or shelving scheme | Damaged status | Not for loan | Home library | Current library | Date acquired | Inventory number | Total Checkouts | Full call number | Barcode | Date last seen | Koha item type | Source of acquisition |
|---|---|---|---|---|---|---|---|---|---|---|---|---|---|---|
| Dewey Decimal Classification | MUST Main Library | MUST Main Library | 05/05/2016 | 00/14556 | 547 VOG 1989 | 2016-1578 | 05/05/2016 | Short Loan | ||||||
| Dewey Decimal Classification | MUST Main Library | MUST Main Library | 13/05/2016 | 00/14557 | 547 VOG 1989 | 2016-1847 | 13/05/2016 | Short Loan | ||||||
| Dewey Decimal Classification | Pharmacy Department Library | Pharmacy Department Library | 24/03/2017 | 11/00146 | 547 VOG 1989 | 2017-0570 | 24/03/2017 | Short Loan | ||||||
| Dewey Decimal Classification | Pharmacy Department Library | Pharmacy Department Library | 24/03/2017 | 11/00147 | 547 VOG 1989 | 2017-0571 | 24/03/2017 | Short Loan |
